| 000 | 00766nam a22001337a 4500 | ||
|---|---|---|---|
| 040 | _cRUA | ||
| 082 | _aFOR NEA 2011 B140 Or.1 | ||
| 100 | _aNEAB, KENG. | ||
| 245 | _aStudy on sustainable harvesting of woodlot in samky meanchey district kompong chhnang province, សិក្សាពីការប្រមូលផលឈើចំការធម្មជាតិជាលក្ខណៈគ្រួសារដើម្បីឲ្យមាននិរន្ដភាពនៅស្រុកសាមគ្គីមានជ័យ ខេត្តកំពង់ឆ្នាំង | ||
| 260 |
_aPhnom Penh _bRUA _c2011 |
||
| 300 |
_ax; 50p. _bill. _c29cm. |
||
| 856 | _uhttps://drive.google.com/file/d/1EmsQa6HsRQGc00A86fBSCs6QSUnnk6tS/view?usp=sharing | ||
| 942 | _cFOR | ||
| 999 |
_c3420 _d3420 |
||